| 000 | 00615nam a2200217 a 4500 | ||
|---|---|---|---|
| 001 | 000016253 | ||
| 003 | DO-SdBNP | ||
| 005 | 20220621111444.0 | ||
| 007 | ta | ||
| 008 | 100302d1966 dr a 000 0 spa d | ||
| 040 |
_aDO-SdBNP _bspa _cBNPHU |
||
| 049 | _aBNPD | ||
| 082 | 4 |
_bF385c _222 |
|
| 100 | 1 |
_aFerreras, Ramón A. _936313 |
|
| 245 | 1 | 0 |
_aCárcel / _cRamón A. Ferreras ; prólogo José Israel Cuello H. |
| 260 |
_aSanto Domingo : _bArtes Gráficas, _c1966. |
||
| 300 |
_a136 p. : _bil. ; _c19 cm. |
||
| 590 | _aInventariado, 2022/BT | ||
| 700 | 1 |
_aCuello H., José H., _epról. _936314 |
|
| 942 |
_2ddc _cLBS1 |
||
| 999 |
_c15790 _d15790 |
||